000 01116nam a2200241 u 4500
001 000494645
003 AM-YeHGA
005 20250618072636.0
008 060706s1915 au r 000 0 arm d
040 _aAM-YeHGA
041 0 _aarm
100 1 _aԳալեմքյարյան, Գրիգորիս,
_d1862-1917
245 1 0 _aԿենսագրութիւններ երկու հայ պատրիարքներու եւ տասն եպիսկոպոսներու եւ ժամանակին հայ կաթողիկեայք /
_cՀ. Գրիգորիս ծ.վ. Գալէմքեարեան Մխիթ. ուխտէն.
260 _aՎիեննա :
_bտպ. Մխիթարեան,
_c1915.
300 _a384 էջ
440 0 _aԱզգային մատենադարան ;
_vՀԸ.
_94491
440 0 _aԿենսագրութիւններ (1554-1822)
_v1
500 _aՑուցակ հատուկ անունների՝ էջ 359-376
650 1 4 _aՀայ եկեղեցու գործիչներ
_94735
856 4 1 _uhttp://serials.flib.sci.am/openreader/Hay%20patriarq_1915/book/index.html#page/1/mode/2up
_yԿարդալ առցանց
942 _2udc
_cBK
_03
090 _c183851
999 _c182398
_d182398